• 首页
  • 本馆介绍
  • 公告通知
  • 最新文献
  • 馆藏检索
  • 电子资源
  • 读者导购
  • 参考咨询
  • 我的图书馆
  • 登录
  • 详细信息显示
  • 放入我的书架
  • 预约/预借图书
  • 作者相关作品
  • 分类相关作品
  • 丛书相关作品
  • 出版社相关作品

书目信息

  • 表格格式
  • 工作单格式
  • 卡片格式
题名:
基础化学
    
 
作者: ;《基础化学》编写组 编
分册: 上册  
出版信息: 上海   上海科学技术出版社  1981.05
页数: 339页
开本: 20cm
丛书名:
单 册:
中图分类: O6
科图分类:
主题词: 化学
电子资源:
ISBN:
000 00608nam0 2200229 45
001 0179000644
005 20060728143943.70
010    @dCNY1.30
091    @a13119.911
100    @a19950726d1981 em y0chiy0121 ea
101 0  @achi
102    @aCN@b310000
105    @ay z 000yy
200 10 @a基础化学@Aji chu hua xue@h上册@f《基础化学》编写组编@F《Ji Chu Hua Xue》Bian Xie Zu Bian
205    @a新1版
210    @a上海@c上海科学技术出版社@d1981.05
215    @a339页@d20cm
606    @a化学
690    @aO6@v3
711 02 @a《基础化学》编写组@4编
801  0 @aCN@bNLC@c20060728
905    @dO6@e100:1=2
    
    基础化学.上册/《基础化学》编写组编.-新1版.-上海:上海科学技术出版社,1981.05
    339页;20cm
    
    
    ISBN :CNY1.30
    
●
相关链接 在E读中查询图书 在五车中查询图书 在当当中查询图书 在豆瓣中查询图书


正题名:基础化学     索取号:O6/100:1=2         预约/预借

序号 登录号 条形码 馆藏地/架位号 状态 备注
1 0057851   202311890   密集书库/ [索取号:O6/100:1=2] 在馆    
2 0057852   202141333   密集书库/ [索取号:O6/100:1=2] 在馆    
3 0057853   202141351   密集书库/ [索取号:O6/100:1=2] 在馆    
4 0057854   202141342   密集书库/ [索取号:O6/100:1=2] 在馆    
5 0057855   202311523   密集书库/ [索取号:O6/100:1=2] 在馆    
6 0057856   202311532   密集书库/ [索取号:O6/100:1=2] 在馆    
7 0057857   202311881   密集书库/ [索取号:O6/100:1=2] 在馆    
8 0057858   202141299   密集书库/ [索取号:O6/100:1=2] 在馆    
9 0057859   202141280   密集书库/ [索取号:O6/100:1=2] 在馆    
10 0057860   000337996   第三借阅区/ [索取号:O6/100:1=2] 在馆    
11 0432525   204325257   密集书库/ [索取号:O6/100:1=2] 在馆    
12 0432538   204325382   密集书库/ [索取号:O6/100:1=2] 在馆    
13 0433161   204331614   密集书库/ [索取号:O6/100:1=2] 在馆    
14 0442640   204426406   密集书库/ [索取号:O6/100:1=2] 在馆    
15 0442641   204426415   密集书库/ [索取号:O6/100:1=2] 在馆    
16 0442642   204426424   密集书库/ [索取号:O6/100:1=2] 在馆    
17 0442643   204426433   密集书库/ [索取号:O6/100:1=2] 在馆    
18 0442644   204426442   密集书库/ [索取号:O6/100:1=2] 在馆    
19 0442645   204426451   密集书库/ [索取号:O6/100:1=2] 在馆    
唐山师范学院图书馆 欢迎您!
大连网信软件有限公司© 版权所有